|
|
|
|
| LEADER |
00000cam a2200000 a 4500 |
| 001 |
vtls008385118 |
| 003 |
SK-MaSNL |
| 005 |
20260302025327.0 |
| 008 |
240318s1955 xo 000 0 hun |
| 015 |
|
|
|a SKSNBA19451955-007395
|
| 035 |
|
|
|a SK01SNKBKSFS20010077335
|
| 035 |
|
|
|a SKM000079798
|
| 040 |
|
|
|a SNK
|b slo
|c SNK
|e AACR2
|
| 041 |
0 |
|
|a hun
|
| 044 |
|
|
|a xo
|c SK
|
| 080 |
|
|
|a 809.451.1(075)
|2 1981
|
| 100 |
1 |
|
|a Mayer, Imrich,
|d 1884-1961
|4 aut
|9 178861
|
| 245 |
1 |
0 |
|a Magyar nyelvtan a csehszlovákiai általános műveltséget nyújtó, magyar tannyelvű iskolák 6. évfolyama számára
|c [szerző Mayer Imre]
|
| 250 |
|
|
|a 1. vyd.
|
| 260 |
|
|
|a Bratislava
|b Slovenské pedagogické nakladateľstvo
|c 1955
|e Košice
|f Košická tlačiareň
|
| 300 |
|
|
|a 80, [1] s.
|c V. 8°
|
| 366 |
|
|
|e 11600 výtlač.
|
| 650 |
0 |
7 |
|a maďarčina
|x gramatika
|x učebnice
|2 SNK
|9 674479
|
| 655 |
|
7 |
|a učebnice
|2 SNKPH
|9 22521
|
| 852 |
|
|
|a Slovenská národná knižnica v Martine
|b 10000
|h SD 9800
|
| 958 |
|
|
|a OND
|
| 958 |
|
|
|a RK
|
| 958 |
|
|
|a TL
|
| 999 |
|
|
|c 1043798
|d 1045728
|
| 952 |
|
|
|a SNK
|b SNK
|y PREZ
|7 0
|p 17A0417209
|o snkSD 9800
|i snk634/55
|0 0
|1 0
|4 0
|d 2004-03-09
|l 0
|r 2025-11-24 00:00:00
|w 2026-02-24
|
| 952 |
|
|
|a SNK
|b SNK
|y VYP
|7 0
|p 17A1185946
|o snkSD 9800 D1
|i snkI. 3966/55
|0 0
|1 0
|4 0
|d 2016-10-25
|l 0
|r 2026-02-24 14:32:02
|w 2026-02-24
|
| 952 |
|
|
|a SNK
|b SNK
|y VYP
|7 0
|p 17A1185953
|o snkSD 9800 D2
|i snkI. 7737/55
|0 0
|1 0
|4 0
|d 2016-10-25
|l 0
|r 2026-02-24 14:32:02
|w 2026-02-24
|
| 952 |
|
|
|a SNK
|b SNK
|y VYP
|7 0
|p 17A1185949
|o snkSD 9800 D3
|i snkI. 7736/55
|0 0
|1 0
|4 0
|d 2016-10-25
|l 0
|r 2026-02-24 14:32:02
|w 2026-02-24
|